| 000 | 00657nam a2200205 i 4500 | ||
|---|---|---|---|
| 001 | 133859 | ||
| 003 | ES-MaACL | ||
| 005 | 20230906194540.0 | ||
| 007 | t| | ||
| 008 | 070903q1886 fr ||||1| fre d | ||
| 080 | _a821.133.1 | ||
| 100 | 1 |
_aSardou, Victorien. _9103800 |
|
| 245 | 1 | 0 |
_aPatrie! _b: opéra en cinq actes, six tableaux / _cpoème de Victorien Sardou et Louis Gallet ; musique de E. Paladilhe. |
| 260 |
_aParis : _bCalmann-Lévy, _c[1886?] |
||
| 300 |
_a94 p. ; _c18 cm. |
||
| 500 | _aBiblioteca Jacinto Martínez Lacalle. | ||
| 700 | 1 |
_aGallet, Louis. _953608 |
|
| 700 | 1 |
_aPaldilhe, E. _988526 |
|
| 852 |
_aES-MaACL _jE-12114 _bR.140066 |
||
| 999 |
_c133859 _d133859 |
||